African political systems
Αποθηκεύτηκε σε:
| Άλλοι συγγραφείς: | , |
|---|---|
| Μορφή: | Βιβλίο |
| Γλώσσα: | English |
| Δημοσίευση: |
London, New York :
Oxford University Press,
1970
|
| Θέματα: | |
| Ετικέτες: |
Προσθήκη ετικέτας
Δεν υπάρχουν, Καταχωρήστε ετικέτα πρώτοι!
|
MARC
| LEADER | 00000cam a2200000 i 4500 | ||
|---|---|---|---|
| 001 | 1/27591 | ||
| 008 | 060404s1970 eng d | ||
| 020 | |a 0-19-285040-7 | ||
| 035 | |l 10083440 | ||
| 040 | |a GR-MY-UA |b gre |e aacr | ||
| 041 | 0 | |a eng | |
| 082 | 0 | |a 320.96 |2 (22) | |
| 245 | 1 | 0 | |a African political systems / |c edited by M. Fortes and E. E. Evans-Pritchard |
| 260 | |a London, New York : |b Oxford University Press, |c 1970 | ||
| 300 | |a xxiii, 302 σ.; |b εικ., χάρτ.; |c 21 εκ. | ||
| 500 | |a Εκδόθηκε για το International African Institute από Oxford U.P. | ||
| 504 | |a Περιέχει ευρετήριο | ||
| 650 | 0 | 0 | |a Indigenous peoples |z Africa. |
| 650 | 0 | 0 | |a Tribal government. |
| 650 | 0 | 0 | |a Political anthropology |z Africa. |
| 700 | 1 | |a Fortes, Meyer, |e edt | |
| 700 | 1 | |a Evans-Pritchard, E. E. |q (Edward Evan), |d 1902-1973, |e edt | |
| 852 | |a INST |b LESVOS |e 20060404 |h 320.96 AFR |p 005100034831 |q 005100034831 |t BK |y 0 | ||
| 901 | |a BIBL1-2006-1 | ||
| 909 | |a Λ |b 126248 | ||
| 970 | |a ΚΑΡΑ |b ΓΙΑΣΕΜΗ |z 2006/04/04 | ||